<?xml version="1.0" encoding="UTF-8"?>
<record
    xmlns:xsi="http://www.w3.org/2001/XMLSchema-instance"
    xsi:schemaLocation="http://www.loc.gov/MARC21/slim http://www.loc.gov/standards/marcxml/schema/MARC21slim.xsd"
    xmlns="http://www.loc.gov/MARC21/slim">

  <leader>01493nam a22002057a 4500</leader>
  <controlfield tag="003">OSt</controlfield>
  <controlfield tag="005">20160628070357.0</controlfield>
  <controlfield tag="008">160317b        xxu||||| |||| 00| 0 eng d</controlfield>
  <datafield tag="020" ind1=" " ind2=" ">
    <subfield code="a">978-84-9768-572-6</subfield>
  </datafield>
  <datafield tag="040" ind1=" " ind2=" ">
    <subfield code="c">RCAA</subfield>
  </datafield>
  <datafield tag="082" ind1=" " ind2=" ">
    <subfield code="a">342                           </subfield>
    <subfield code="b">F382d 2008</subfield>
  </datafield>
  <datafield tag="100" ind1=" " ind2=" ">
    <subfield code="a">Ferrer Mac-Gregor, Eduardo </subfield>
  </datafield>
  <datafield tag="245" ind1=" " ind2=" ">
    <subfield code="a">Derecho procesal constitucional : </subfield>
    <subfield code="b">Origen cient&#xED;fico (1928-1956)</subfield>
    <subfield code="c">Eduardo Ferrer Mac-Gregor ; Jes&#xFA;s Gonzalez Perez, prologuista</subfield>
  </datafield>
  <datafield tag="260" ind1=" " ind2=" ">
    <subfield code="a">Madrid : </subfield>
    <subfield code="b">Marcial Pons, </subfield>
    <subfield code="c">2008</subfield>
  </datafield>
  <datafield tag="300" ind1=" " ind2=" ">
    <subfield code="a">142 p&#xE1;ginas.</subfield>
  </datafield>
  <datafield tag="504" ind1=" " ind2=" ">
    <subfield code="a">Contiene &#xED;ndice.
</subfield>
  </datafield>
  <datafield tag="505" ind1=" " ind2=" ">
    <subfield code="a">Exordio....9 -- Justicia constitucional y derecho procesal constitucional. Desarrollo paralelos: Europa- Latinoamerica....19 -- Convergencia o convivencia....26 -- Hacia la consolidaci&#xF3;n de una disciplana autonoma....32 -- La ciencia procesal y la ciencia constitucional....43 -- El derecho procesal constitucional como fenomeno historico social y como ciencia....56 -- Kelsen: Fundador del derecho procesal constitucional (1928-1942)....65 -- Alcala-zamora y el bautizo de la disciplina (1944-1947)....93 -- Couture y las garantias constitucionales del proceso 91946-1948)....98 -- Calamandrei y su contribuci&#xF3;n dogmatica procesal- constotucional (1950-1956)....104 -- Cappelletti y la jurisdicci&#xF3; constitucional de la libertad (1955)....111 -- La tesis conceptual y sistematica de fix-zamudio (1955-1956)....120 -- Epilogo....138</subfield>
  </datafield>
  <datafield tag="651" ind1=" " ind2=" ">
    <subfield code="a">Espa&#xF1;a -- derecho constitucional</subfield>
  </datafield>
  <datafield tag="942" ind1=" " ind2=" ">
    <subfield code="2">ddc</subfield>
    <subfield code="c">BK</subfield>
  </datafield>
  <datafield tag="999" ind1=" " ind2=" ">
    <subfield code="c">454</subfield>
    <subfield code="d">454</subfield>
  </datafield>
  <datafield tag="952" ind1=" " ind2=" ">
    <subfield code="0">0</subfield>
    <subfield code="1">0</subfield>
    <subfield code="2">ddc</subfield>
    <subfield code="4">0</subfield>
    <subfield code="7">0</subfield>
    <subfield code="8">CG</subfield>
    <subfield code="a">BJHA</subfield>
    <subfield code="b">BJHA</subfield>
    <subfield code="d">2016-03-17</subfield>
    <subfield code="i">16-00200</subfield>
    <subfield code="l">0</subfield>
    <subfield code="o">342 F385d 2008</subfield>
    <subfield code="p">16-00200</subfield>
    <subfield code="r">2018-10-06 00:00:00</subfield>
    <subfield code="t">e.1</subfield>
    <subfield code="w">2016-03-17</subfield>
    <subfield code="y">BK</subfield>
  </datafield>
</record>
